000 00446nam a2200181Ia 4500
001 13506
005 20260306164806.0
008 260306t1993||||xx |||||||||||||| ||spa||
041 _aESP
082 _a004.6
_bCH543
100 _aChen, Wai-Kai
_eAUT
245 0 _aBroadband matching:
_btheory and implementations
260 _c1993
300 _aviii, 151 páginas :
_c21 cm.
650 _aGEN
654 _aCCC
942 _cLIB
_dJUS
_fJUS
_2ddc
_n
999 _c13506
_d13506